[Event "C.to Provinciale CT"]
[Site "Catania ITA"]
[Date "2004.01.03"]
[Round "2"]
[White "La Rosa, Sebastiano"]
[Black "Nicolosi, Pietro"]
[Result "1/2-1/2"]
[WhiteElo "1539"]
[BlackElo "1651"]
[PlyCount "63"]
[EventDate "2004.01.03"]

1. e4 e5 2. Nf3 Nc6 3. Bc4 Bc5 4. c3 Nf6 5. d4 exd4 6. cxd4 Bb4+ 7. Bd2 Bxd2+
8. Nbxd2 O-O 9. O-O d5 10. Bxd5 Nxd5 11. exd5 Qxd5 12. Nb3 Bg4 13. Qd3 Bxf3 14.
Qxf3 Qxf3 15. gxf3 Rad8 16. Rfd1 Rd6 17. Rac1 Rc8 18. a3 Kf8 19. Rd2 Rg6+ 20.
Kh1 Rf6 21. Nc5 Rd8 22. Nxb7 Rxd4 23. Rxd4 Nxd4 24. Rxc7 Nxf3 25. Kg2 Ne1+ 26.
Kf1 Nd3 27. Nc5 Nxc5 28. Rxc5 Rb6 29. b4 a6 30. f3 Ke7 31. Kf2 Kd7 32. Rc4
1/2-1/2

[Event "C.to Provinciale CT"]
[Site "Catania ITA"]
[Date "2004.01.04"]
[Round "3"]
[White "Novello, Salvatore"]
[Black "La Rosa, Sebastiano"]
[Result "0-1"]
[WhiteElo "1449"]
[BlackElo "1539"]
[PlyCount "64"]
[EventDate "2004.01.03"]

1. d4 d5 2. c4 e6 3. cxd5 exd5 4. Bf4 Bb4+ 5. Nd2 Nc6 6. e3 Nf6 7. Bd3 Qe7 8.
Ngf3 Bg4 9. O-O O-O 10. Qc2 Bd6 11. Rfe1 Rfe8 12. Bxd6 Qxd6 13. Re2 Nb4 14. Qc3
Nxd3 15. Qxd3 Ne4 16. Ree1 Bf5 17. Ne5 f6 18. Nef3 Qd7 19. Qb3 c6 20. Nh4 Nxd2
21. Qb4 Ne4 22. f3 Ng5 23. Qb3 Be6 24. Re2 Nf7 25. f4 Nd6 26. Rf1 Bg4 27. Ree1
Ne4 28. Qd3 Bf5 29. Qe2 Nd6 30. Nxf5 Nxf5 31. g4 Nxe3 32. Qf3 Nxf1 0-1

[Event "C.to Provinciale CT"]
[Site "Catania ITA"]
[Date "2004.01.05"]
[Round "5"]
[White "Sileci, Salvatore"]
[Black "La Rosa, Sebastiano"]
[Result "1-0"]
[WhiteElo "1705"]
[BlackElo "1539"]
[PlyCount "71"]
[EventDate "2004.01.03"]

1. d4 d5 2. c4 e6 3. Nc3 Nf6 4. Bg5 Be7 5. e3 O-O 6. Nf3 h6 7. Bh4 Ne4 8. Bxe7
Qxe7 9. Qc2 Nxc3 10. Qxc3 Nd7 11. cxd5 Nb6 12. dxe6 Bxe6 13. Be2 Nd5 14. Qd2 c5
15. O-O Rfd8 16. Rac1 cxd4 17. Nxd4 Nb4 18. a3 Nc6 19. Nxc6 bxc6 20. Qc3 Qg5
21. Bf3 Rac8 22. Rfd1 Rxd1+ 23. Rxd1 Bg4 24. Bxg4 Qxg4 25. Qd4 Qe2 26. Qd2 Qb5
27. Qd7 Rb8 28. b4 Qa4 29. Qd6 Qb5 30. Rc1 Rc8 31. Qd7 Qa6 32. g3 Rb8 33. Qxc6
Qxa3 34. Qc5 Rxb4 35. Qc8+ Kh7 36. Qf5+ 1-0

[Event "V Open B"]
[Site "San Martino di Castrozza - Siror ITA"]
[Date "2004.07.11"]
[Round "1"]
[White "Mei, Gianluca"]
[Black "Di Cio', Enrico"]
[Result "1/2-1/2"]
[WhiteElo "1760"]
[BlackElo "1640"]
[PlyCount "117"]
[EventDate "2004.07.11"]

1. e4 e5 2. Nf3 Nc6 3. Bc4 Bc5 4. c3 Nf6 5. d4 exd4 6. cxd4 Bb4+ 7. Bd2 Bxd2+
8. Nbxd2 d5 9. exd5 Nxd5 10. O-O O-O 11. Re1 Nb6 12. Bd3 Nxd4 13. Nxd4 Qxd4 14.
Qc2 g6 15. Nf3 Qd6 16. Rad1 c6 17. h4 Bg4 18. Re4 Bf5 19. Rd4 Bxd3 20. Qxd3 Nd5
21. h5 Qf6 22. hxg6 fxg6 23. Qd2 Rae8 24. Qg5 Re7 25. Qxf6 Rxf6 26. Kf1 h6 27.
Re1 Rfe6 28. Rxe6 Rxe6 29. g3 Kf7 30. a3 a6 31. Nd2 Kf6 32. Re4 b6 33. Ke2 g5
34. Kd3 Rxe4 35. Kxe4 Ke6 36. f3 c5 37. Nc4 b5 38. Nd2 Nf6+ 39. Ke3 Kd5 40. g4
c4 41. Nb1 h5 42. gxh5 Nxh5 43. Nc3+ Ke5 44. Ne4 Kf5 45. Nc5 a5 46. Ne4 Ke5 47.
Nxg5 b4 48. axb4 axb4 49. Ne4 Nf4 50. Kd2 Kd4 51. Ng3 Nd3 52. Ne2+ Kd5 53. b3
Nc5 54. bxc4+ Kxc4 55. Nc1 Nb3+ 56. Nxb3 Kxb3 57. f4 Ka2 58. f5 b3 59. f6
1/2-1/2

[Event "V Open B"]
[Site "San Martino di Castrozza - Siror ITA"]
[Date "2004.07.12"]
[Round "2"]
[White "Villa, Maurizio"]
[Black "Mei, Gianluca"]
[Result "0-1"]
[WhiteElo "1524"]
[BlackElo "1760"]
[PlyCount "66"]
[EventDate "2004.07.11"]

1. d4 d5 2. c4 dxc4 3. Nf3 Nf6 4. e3 e6 5. Bxc4 c5 6. O-O a6 7. a4 Nc6 8. Qe2
cxd4 9. Rd1 Be7 10. exd4 Nb4 11. Nc3 Nbd5 12. Ne5 O-O 13. Bg5 Bd7 14. Bxf6 Nxf6
15. d5 Qc7 16. Nxd7 Nxd7 17. dxe6 Ne5 18. exf7+ Kh8 19. Ba2 Bc5 20. Rac1 Nxf7
21. Ne4 Rae8 22. Rxc5 Qxc5 23. Kf1 Qe5 24. f3 Ng5 25. Rd5 Qxh2 26. Rxg5 Qh1+
27. Kf2 Qh4+ 28. Kf1 Rxe4 29. Qxe4 Qxe4 30. Kf2 Qh4+ 31. Rg3 Qd4+ 32. Kf1 Rc8
33. Rg4 Qxb2 0-1

[Event "V Open B"]
[Site "San Martino di Castrozza - Siror ITA"]
[Date "2004.07.13"]
[Round "3"]
[White "Mei, Gianluca"]
[Black "Fusi, Claudio"]
[Result "1-0"]
[WhiteElo "1760"]
[BlackElo "1610"]
[PlyCount "69"]
[EventDate "2004.07.11"]

1. e4 e6 2. d4 d5 3. e5 c5 4. c3 Nc6 5. Nf3 Qb6 6. a3 cxd4 7. cxd4 Nge7 8. b4
Nf5 9. Bb2 Be7 10. Bc3 a6 11. Bd3 Nh4 12. Nxh4 Bxh4 13. Qg4 Bxf2+ 14. Kxf2 g6
15. Qf4 O-O 16. Rf1 Ne7 17. Kg1 Nf5 18. Nd2 Bd7 19. Nf3 Rac8 20. Rac1 Bb5 21.
Bxb5 Qxb5 22. Qd2 Qa4 23. Bb2 Rc4 24. Rc3 Qc6 25. Rfc1 Rc8 26. g4 Ng7 27. Qh6
Qa4 28. Qd2 Rxc3 29. Rxc3 Rxc3 30. Qxc3 Qd1+ 31. Kf2 Qa4 32. Bc1 h5 33. h3 Qd1
34. Qc8+ Kh7 35. Ng5+ 1-0

[Event "V Open B"]
[Site "San Martino di Castrozza - Siror ITA"]
[Date "2004.07.14"]
[Round "4"]
[White "Cuccolini, Milo"]
[Black "Mei, Gianluca"]
[Result "0-1"]
[WhiteElo "1781"]
[BlackElo "1760"]
[PlyCount "60"]
[EventDate "2004.07.11"]

1. c4 e6 2. Nc3 d5 3. e3 Nf6 4. Nf3 a6 5. a4 Nc6 6. d4 Be7 7. Rb1 O-O 8. c5 Nb4
9. Qb3 Nc6 10. Bd2 Nb8 11. a5 c6 12. Na4 Nbd7 13. Bd3 Qc7 14. O-O e5 15. Bf5 e4
16. Ne1 Nxc5 17. Nxc5 Bxf5 18. Qxb7 Qd6 19. Nxa6 Ng4 20. g3 Qh6 21. h4 Bxh4 22.
Kg2 Bxg3 23. Rh1 Bh2 24. f3 exf3+ 25. Nxf3 Bxb1 26. Rxb1 Qd6 27. Nxh2 Qxh2+ 28.
Kf3 Qxd2 29. Kxg4 Qe2+ 30. Kf4 Qxa6 0-1

[Event "V Open B"]
[Site "San Martino di Castrozza - Siror ITA"]
[Date "2004.07.15"]
[Round "5"]
[White "Mei, Gianluca"]
[Black "Macario, Marco"]
[Result "1/2-1/2"]
[WhiteElo "1760"]
[BlackElo "1512"]
[PlyCount "49"]
[EventDate "2004.07.11"]

1. e4 c5 2. Nc3 a6 3. g3 b5 4. Bg2 Bb7 5. d3 g6 6. Be3 d6 7. d4 c4 8. Nge2 Bg7
9. O-O e6 10. Qd2 Ne7 11. f4 f5 12. e5 Bxg2 13. Kxg2 d5 14. b3 Nd7 15. bxc4
bxc4 16. Rfb1 Qc7 17. Na4 Kf7 18. Nec3 Rhb8 19. Qc1 Nc6 20. Kf2 Bf8 21. Rxb8
Rxb8 22. Rb1 Bb4 23. a3 Be7 24. Rxb8 Qxb8 25. Qa1 1/2-1/2

[Event "V Open B"]
[Site "San Martino di Castrozza - Siror ITA"]
[Date "2004.07.16"]
[Round "6"]
[White "Tassone, Vincenzo"]
[Black "Mei, Gianluca"]
[Result "1/2-1/2"]
[WhiteElo "1700"]
[BlackElo "1760"]
[PlyCount "48"]
[EventDate "2004.07.11"]

1. d4 d5 2. c4 dxc4 3. Nf3 Nf6 4. e3 e6 5. Bxc4 a6 6. a4 c5 7. O-O Nc6 8. Nc3
cxd4 9. exd4 Be7 10. Bg5 O-O 11. Rc1 Nd5 12. Bxd5 Bxg5 13. Nxg5 exd5 14. Nf3
Bg4 15. Re1 Rc8 16. Re3 Bxf3 17. Rxf3 Re8 18. Qd2 Qd6 19. Rd1 Re6 20. Re3 Rce8
21. Rde1 Qb4 22. Rxe6 fxe6 23. Rd1 Qd6 24. Re1 Qb4 1/2-1/2

[Event "V Open B"]
[Site "San Martino di Castrozza - Siror ITA"]
[Date "2004.07.17"]
[Round "7"]
[White "Mei, Gianluca"]
[Black "Rorato, Giovanni Riccardo"]
[Result "1-0"]
[WhiteElo "1760"]
[BlackElo "1727"]
[PlyCount "33"]
[EventDate "2004.07.11"]

1. e4 c5 2. Nc3 Nc6 3. g3 g6 4. Bg2 Bg7 5. d3 d6 6. f4 e6 7. Nf3 Nge7 8. O-O
O-O 9. Be3 Rb8 10. a4 a6 11. d4 cxd4 12. Nxd4 Nxd4 13. Bxd4 Bxd4+ 14. Qxd4 Nc6
15. Qd2 Qb6+ 16. Kh1 Qxb2 17. Rfb1 1-0

[Event "C.to Regionale Lombardia U16"]
[Site "Corsico ITA"]
[Date "2004.02.01"]
[Round "5"]
[White "Cantu', Guido"]
[Black "D'Apa, Matteo"]
[Result "1-0"]
[WhiteElo "1567"]
[BlackElo "1849"]
[PlyCount "37"]
[EventDate "2004.01.31"]

1. e4 e5 2. f4 exf4 3. Nf3 Ne7 4. d4 d5 5. Nc3 dxe4 6. Nxe4 Nd5 7. Bc4 Ne3 8.
Bxe3 fxe3 9. Nfg5 Be6 10. Bxe6 fxe6 11. O-O Qd7 12. Qh5+ g6 13. Qg4 Be7 14.
Nxe6 Nc6 15. d5 Nb8 16. Qf4 Bd6 17. Nf6+ Ke7 18. Ng8+ Ke8 19. Qf8+ 1-0

[Event "XXIV Festival Conca della Presolana C"]
[Site "Bratto - Castione della Presolana ITA"]
[Date "2004.08.21"]
[Round "1"]
[White "Saracco, Marco"]
[Black "Romano, Zeno"]
[Result "1-0"]
[WhiteElo "1792"]
[BlackElo "1629"]
[PlyCount "31"]
[EventDate "2004.08.21"]

1. d4 d5 2. Nf3 e6 3. e3 c5 4. b3 Nf6 5. Nbd2 Nc6 6. Bb2 b6 7. a3 Bd6 8. Bd3
O-O 9. O-O Re8 10. Ne5 Qc7 11. f4 cxd4 12. exd4 Nd7 13. Bxh7+ Kxh7 14. Qh5+ Kg8
15. Qxf7+ Kh8 16. Rf3 1-0

[Event "XV C.to Italiano ASIS A"]
[Site "Laives - Laifers ITA"]
[Date "2004.03.12"]
[Round "1"]
[White "Caroli, Tommaso"]
[Black "Zandonella, Remo"]
[Result "1-0"]
[WhiteElo "1789"]
[BlackElo "1509"]
[PlyCount "93"]
[EventDate "2004.03.12"]

1. e4 e6 2. d4 c6 3. Bd3 Ne7 4. Ne2 Ng6 5. O-O Be7 6. f4 O-O 7. f5 exf5 8. exf5
Nh8 9. Nf4 d5 10. Nh5 Bf6 11. Qg4 c5 12. c3 cxd4 13. Qg3 Re8 14. Bh6 Be5 15.
Qg4 Ng6 16. cxd4 Qb6 17. Qf3 Bxd4+ 18. Kh1 Ne5 19. Re1 Bd7 20. Qg3 Qxh6 21. f6
g6 22. Ng7 Nbc6 23. Nxe8 Rxe8 24. Nc3 Be6 25. Bb5 Qf8 26. h3 a6 27. Ba4 Nd7 28.
Qc7 Nc5 29. Bxc6 bxc6 30. Qxc6 Bxc3 31. bxc3 Ne4 32. c4 Nxf6 33. cxd5 Nxd5 34.
Qxa6 Nb4 35. Qe2 Rc8 36. Rab1 Nxa2 37. Rb7 Nc3 38. Qf2 Qc5 39. Qh4 Qf5 40. Rb2
Nd5 41. Rf2 Qd3 42. Rf3 Qc4 43. Qg5 Qc6 44. h4 Rf8 45. Qh6 Bf5 46. Rxf5 gxf5
47. Qxc6 1-0

[Event "XV C.to Italiano ASIS A"]
[Site "Laives - Laifers ITA"]
[Date "2004.03.12"]
[Round "1"]
[White "Nagni, Tiziano"]
[Black "Nazarova, Olga"]
[Result "0-1"]
[WhiteElo "1600"]
[BlackElo "2049"]
[PlyCount "60"]
[EventDate "2004.03.12"]

1. d4 d5 2. Nc3 c6 3. h3 Bf5 4. Bf4 Nf6 5. e3 e6 6. Bd3 Bxd3 7. Qxd3 Qb6 8. Rb1
Be7 9. Nge2 Nbd7 10. O-O c5 11. Qb5 O-O 12. Rfd1 cxd4 13. Qxb6 Nxb6 14. Nxd4 a6
15. Be5 Rac8 16. Rd3 Nfd7 17. Bg3 Nc4 18. e4 Nc5 19. Rf3 Nd2 20. exd5 Nxf3+ 21.
Nxf3 exd5 22. Nxd5 Rfe8 23. Re1 Ne6 24. c3 Bc5 25. Re4 Red8 26. c4 Kf8 27. Kf1
h6 28. h4 Bd6 29. Bxd6+ Rxd6 30. b3 Nc7 0-1

[Event "XV C.to Italiano ASIS A"]
[Site "Laives - Laifers ITA"]
[Date "2004.03.13"]
[Round "2"]
[White "Grudina, Marco"]
[Black "Nagni, Tiziano"]
[Result "1-0"]
[WhiteElo "1639"]
[BlackElo "1600"]
[PlyCount "73"]
[EventDate "2004.03.12"]

1. e4 e5 2. Nf3 Nc6 3. d4 d6 4. Bb5 exd4 5. Nxd4 Bd7 6. Nc3 Qf6 7. Be3 Nge7 8.
Qd2 g6 9. Nxc6 Bxc6 10. Bd4 Bh6 11. Bxf6 Bxd2+ 12. Kxd2 Rg8 13. Bxe7 Kxe7 14.
Nd5+ Bxd5 15. exd5 Rab8 16. Rhe1+ Kf6 17. Re3 a6 18. Bd3 Rge8 19. Rae1 Re5 20.
Rxe5 dxe5 21. c4 Rd8 22. Kc3 a5 23. Be4 b6 24. a3 Kg5 25. g3 h5 26. Bg2 Kf6 27.
h4 Re8 28. f4 Re7 29. fxe5+ Rxe5 30. Rxe5 Kxe5 31. Kd3 f6 32. b4 axb4 33. axb4
g5 34. hxg5 fxg5 35. Ke3 h4 36. gxh4 gxh4 37. Kd3 1-0

[Event "XV C.to Italiano ASIS A"]
[Site "Laives - Laifers ITA"]
[Date "2004.03.13"]
[Round "2"]
[White "Nazarova, Olga"]
[Black "Caroli, Tommaso"]
[Result "0-1"]
[WhiteElo "2049"]
[BlackElo "1789"]
[PlyCount "86"]
[EventDate "2004.03.12"]

1. d4 Nf6 2. c4 c5 3. d5 b5 4. Nf3 d6 5. cxb5 a6 6. bxa6 Bxa6 7. Nc3 g6 8. e4
Bxf1 9. Kxf1 Bg7 10. g3 O-O 11. Kg2 Qb6 12. Qe2 Nbd7 13. Re1 Ng4 14. Nd2 h5 15.
f4 Qa5 16. Nc4 Qb4 17. a3 Qb3 18. Qd3 Rfb8 19. Nd2 Qb6 20. h3 Nh6 21. f5 Ne5
22. Qf1 Qc7 23. fxg6 fxg6 24. Qe2 Rf8 25. Rf1 Rxf1 26. Nxf1 c4 27. Be3 Nd3 28.
a4 Qa5 29. Qd2 Rb8 30. Ra2 Kh7 31. Nh2 Rb3 32. Nf3 Nf7 33. Bd4 Bh6 34. Be3 Bxe3
35. Qxe3 Nxb2 36. Qf4 Kg7 37. Ng5 Nxg5 38. Qxg5 Qxc3 39. Qxe7+ Kh6 40. Qf8+ Kh7
41. Qf7+ Qg7 42. Qf4 c3 43. a5 Nd3 0-1

[Event "XV C.to Italiano ASIS A"]
[Site "Laives - Laifers ITA"]
[Date "2004.03.13"]
[Round "3"]
[White "Caroli, Tommaso"]
[Black "Grudina, Marco"]
[Result "1-0"]
[WhiteElo "1789"]
[BlackElo "1639"]
[PlyCount "53"]
[EventDate "2004.03.12"]

1. e4 e5 2. Nf3 Nc6 3. d4 exd4 4. Bc4 Bc5 5. c3 Nf6 6. cxd4 Bb4+ 7. Bd2 Bxd2+
8. Nbxd2 d5 9. exd5 Nxd5 10. O-O O-O 11. h3 Nb6 12. Qc2 Nxd4 13. Nxd4 Qxd4 14.
Bd3 h6 15. Nf3 Qd8 16. Rad1 Bd7 17. Ne5 c6 18. Nxd7 Nxd7 19. Bf5 Qa5 20. Rxd7
Rab8 21. a3 Qe5 22. Bg4 a6 23. Qd2 Rfe8 24. Bf3 Qe6 25. Qd6 Qb3 26. Bh5 Rf8 27.
Bxf7+ 1-0

[Event "XV C.to Italiano ASIS A"]
[Site "Laives - Laifers ITA"]
[Date "2004.03.13"]
[Round "3"]
[White "Zandonella, Remo"]
[Black "Nazarova, Olga"]
[Result "1/2-1/2"]
[WhiteElo "1509"]
[BlackElo "2049"]
[PlyCount "35"]
[EventDate "2004.03.12"]

1. d4 d5 2. Nf3 c6 3. e3 Bg4 4. Be2 Nf6 5. O-O Nbd7 6. Nbd2 e6 7. c4 c5 8. h3
Bxf3 9. Nxf3 cxd4 10. exd4 dxc4 11. Bxc4 Be7 12. Be3 O-O 13. Bd3 Nd5 14. Rc1
Rc8 15. Bd2 Bf6 16. Rxc8 Qxc8 17. Bg5 Qc7 18. Bxf6 1/2-1/2

[Event "XV C.to Italiano ASIS A"]
[Site "Laives - Laifers ITA"]
[Date "2004.03.14"]
[Round "4"]
[White "Nagni, Tiziano"]
[Black "Zandonella, Remo"]
[Result "1/2-1/2"]
[WhiteElo "1600"]
[BlackElo "1509"]
[PlyCount "24"]
[EventDate "2004.03.12"]

1. d4 Nf6 2. c4 e6 3. Nf3 d5 4. Nc3 Nc6 5. c5 Be7 6. Bg5 h6 7. Bh4 a6 8. e3 Bd7
9. a3 Nh7 10. Bg3 Ng5 11. Be2 O-O 12. Qc2 Nxf3+ 1/2-1/2

[Event "XV C.to Italiano ASIS A"]
[Site "Laives - Laifers ITA"]
[Date "2004.03.14"]
[Round "4"]
[White "Nazarova, Olga"]
[Black "Grudina, Marco"]
[Result "1/2-1/2"]
[WhiteElo "2049"]
[BlackElo "1639"]
[PlyCount "22"]
[EventDate "2004.03.12"]

1. d4 d5 2. c4 c6 3. Nc3 Nf6 4. Nf3 e6 5. Bg5 Nbd7 6. e3 Qa5 7. Bxf6 Nxf6 8. a3
Ne4 9. Qc2 Bb4 10. Rc1 Bxc3+ 11. bxc3 Qxa3 1/2-1/2

[Event "XXXVI C.to Italiano a squadre A1.4"]
[Site "Massafra ITA"]
[Date "2004.03.06"]
[Round "1"]
[White "Campanile, Antonio"]
[Black "Napoli Costa, Aurelio"]
[Result "1-0"]
[WhiteElo "2096"]
[BlackElo "2138"]
[PlyCount "61"]
[EventDate "2004.03.06"]

1. c4 Nf6 2. Nf3 g6 3. g3 Bg7 4. Bg2 c6 5. d3 d5 6. Nbd2 Bg4 7. O-O Qc8 8. Re1
Bh3 9. Bh1 h5 10. e4 Ng4 11. exd5 h4 12. Ne4 Kf8 13. d6 e5 14. Nxh4 Nh6 15. Qf3
Nf5 16. Bg5 Nxh4 17. Bxh4 f5 18. Ng5 Bg4 19. Qe3 f4 20. Qe4 Bf5 21. Qe2 Bg4 22.
Bf3 Bxf3 23. Nxf3 Qf5 24. Be7+ Kg8 25. Nxe5 Qh3 26. Nf3 fxg3 27. fxg3 Nd7 28.
Qe6+ Qxe6 29. Rxe6 Nc5 30. Rxg6 Kh7 31. Rg5 1-0

[Event "XXXVI C.to Italiano a squadre A1.4"]
[Site "Massafra ITA"]
[Date "2004.03.06"]
[Round "1"]
[White "Cappadona, Salvatore"]
[Black "Campanile, Roberto"]
[Result "0-1"]
[WhiteElo "2157"]
[BlackElo "2183"]
[PlyCount "124"]
[EventDate "2004.03.06"]

1. Nf3 Nf6 2. b3 d6 3. d4 g6 4. Bb2 Bg7 5. g3 O-O 6. Bg2 a5 7. c4 c6 8. O-O a4
9. b4 Be6 10. Nfd2 Nfd7 11. Na3 Qb6 12. Nc2 a3 13. Bxa3 Bxd4 14. Nxd4 Qxd4 15.
Qc1 Rxa3 16. Qxa3 Qxd2 17. e3 Ne5 18. c5 Na6 19. cxd6 Qxd6 20. Rfd1 Qxb4 21.
Qxb4 Nxb4 22. Rab1 Nxa2 23. Rxb7 Ra8 24. Ra1 Rd8 25. Rb2 Nc3 26. Rc2 Nd5 27.
Rd2 Rb8 28. e4 Nf6 29. Rc1 Rb4 30. f3 Rb3 31. f4 Nf3+ 32. Bxf3 Rxf3 33. e5 Ne4
34. Re2 Bd5 35. Rce1 Nc3 36. Re3 Rxe3 37. Rxe3 Nb5 38. Kf2 h5 39. Rd3 e6 40.
Ke3 Kg7 41. Rd1 c5 42. Rb1 Nc3 43. Rb8 c4 44. Rc8 Na2 45. Rb8 c3 46. Kd3 Be4+
47. Kxe4 c2 48. Rc8 c1=Q 49. Rxc1 Nxc1 50. h3 Ne2 51. Kf3 Nd4+ 52. Kf2 f5 53.
Ke3 Nc6 54. Kd3 Kf7 55. Kc4 Ke7 56. Kd3 Kd7 57. Ke3 Nb4 58. h4 Kc6 59. Kd4 Kb5
60. Kc3 Kc5 61. Kd2 Kd4 62. Ke2 Ke4 0-1

[Event "XXXVI C.to Italiano a squadre A1.4"]
[Site "Massafra ITA"]
[Date "2004.03.06"]
[Round "1"]
[White "Cusmano, Antonello"]
[Black "Ariete, Gerardo"]
[Result "0-1"]
[WhiteElo "1612"]
[BlackElo "2091"]
[PlyCount "58"]
[EventDate "2004.03.06"]

1. d4 f5 2. Bf4 Nf6 3. e3 d6 4. c3 c6 5. Nd2 Qc7 6. Ngf3 Nbd7 7. Ng5 Nb6 8. Nb3
e6 9. Nc5 Qe7 10. Nd3 g6 11. Nf3 Bg7 12. h3 O-O 13. Nh2 Nfd5 14. g4 e5 15. dxe5
dxe5 16. Bg3 f4 17. Qb3 fxg3 18. e4 gxh2 19. exd5 cxd5 20. Rxh2 e4 21. Nb4 Be6
22. Nc2 d4 23. c4 d3 24. Ne3 Qc7 25. Rh1 Nxc4 26. Bg2 Qa5+ 27. Kf1 Rxf2+ 28.
Kxf2 Qd2+ 29. Kf1 Nxe3+ 0-1

[Event "XXXVI C.to Italiano a squadre A1.4"]
[Site "Massafra ITA"]
[Date "2004.03.06"]
[Round "1"]
[White "Femiano, Andrea"]
[Black "Efimov, Igor"]
[Result "0-1"]
[WhiteElo "2127"]
[BlackElo "2505"]
[PlyCount "114"]
[EventDate "2004.03.06"]

1. e4 c5 2. Nf3 Nc6 3. d4 cxd4 4. Nxd4 Qb6 5. Nb3 Nf6 6. Nc3 e6 7. Be3 Qc7 8.
a3 a6 9. f4 d6 10. Be2 Be7 11. O-O O-O 12. Bf3 b5 13. Qe2 Bb7 14. Qf2 Rac8 15.
Rad1 Rfe8 16. Rd2 Qb8 17. Qg3 b4 18. axb4 Nxb4 19. Nd4 Kh8 20. Kh1 Bf8 21. Bg1
d5 22. e5 Ne4 23. Nxe4 dxe4 24. Be2 Rc7 25. c4 g6 26. Rfd1 Be7 27. Nc2 Bc6 28.
Ne3 h5 29. Rd6 Nd3 30. f5 Qxb2 31. Bxd3 exd3 32. fxe6 Rf8 33. exf7 Bxd6 34.
Qxg6 Rcxf7 35. Qxd6 Be4 36. Qh6+ Kg8 37. Qxh5 Rg7 38. Qh3 Qe2 39. Qe6+ Kh8 40.
Qh6+ Bh7 41. Rb1 d2 42. Rb7 Rfg8 43. Rxg7 Rxg7 44. Qd6 Qd3 45. Qf8+ Bg8 46. Qf3
Bxc4 47. Qh5+ Rh7 48. Qe8+ Bg8 49. Qa4 Qd7 50. Qa1 Be6 51. Qd1 Rg7 52. Qh5+ Kg8
53. h3 Rg3 54. Bf2 Rg7 55. Bh4 Bxh3 56. Bf6 Bxg2+ 57. Kg1 Bf3+ 0-1

[Event "XXXVI C.to Italiano a squadre A1.4"]
[Site "Massafra ITA"]
[Date "2004.03.06"]
[Round "1"]
[White "Indelicati, Giuseppe"]
[Black "Isonzo, David"]
[Result "1/2-1/2"]
[WhiteElo "2195"]
[BlackElo "2336"]
[PlyCount "34"]
[EventDate "2004.03.06"]

1. e4 c5 2. c3 d5 3. exd5 Qxd5 4. d4 Nc6 5. Nf3 Bg4 6. Be2 cxd4 7. cxd4 e6 8.
Nc3 Qa5 9. h3 Bh5 10. d5 exd5 11. Nd4 Bxe2 12. Qxe2+ Be7 13. Nxc6 bxc6 14. O-O
Rd8 15. Bd2 d4 16. Ne4 Qb5 17. Qf3 Qd5 1/2-1/2

[Event "XXXVI C.to Italiano a squadre A1.4"]
[Site "Massafra ITA"]
[Date "2004.03.06"]
[Round "1"]
[White "Sarno, Spartaco"]
[Black "Ceglio, Fulvio"]
[Result "1-0"]
[WhiteElo "2395"]
[BlackElo "2043"]
[PlyCount "41"]
[EventDate "2004.03.06"]

1. e4 e6 2. d3 d5 3. Nd2 Nf6 4. Ngf3 Nc6 5. c3 dxe4 6. dxe4 e5 7. Bb5 Bd6 8.
O-O O-O 9. Re1 Qe7 10. Nf1 a6 11. Bxc6 bxc6 12. Bg5 Bd7 13. Qc2 h6 14. Bh4 Qe6
15. Ne3 Kh7 16. Nd2 Nh5 17. Ndc4 Qg6 18. Rad1 Nf4 19. Bg3 Rad8 20. Rd2 f5 21.
Red1 1-0

[Event "XXXVI C.to Italiano a squadre A1.4"]
[Site "Massafra ITA"]
[Date "2004.03.07"]
[Round "2"]
[White "Ariete, Gerardo"]
[Black "Ferro, Mario"]
[Result "0-1"]
[WhiteElo "2091"]
[BlackElo "2212"]
[PlyCount "128"]
[EventDate "2004.03.06"]

1. e4 d5 2. e5 c5 3. d4 cxd4 4. Qxd4 Nc6 5. Bb5 e6 6. Ne2 Nge7 7. c3 Bd7 8.
Bxc6 bxc6 9. O-O Nf5 10. Qd3 Qb6 11. Nd2 c5 12. Ng3 Bb5 13. c4 dxc4 14. Qc3 Nd4
15. Nxc4 Qa6 16. b3 Be7 17. Re1 Bxc4 18. bxc4 Qa4 19. Rb1 O-O 20. Be3 Nc2 21.
Re2 Nxe3 22. Qxe3 Rfd8 23. Rb7 Rd1+ 24. Nf1 Re8 25. Rd2 Rxd2 26. Qxd2 Rd8 27.
Qe2 Rd7 28. Rxd7 Qxd7 29. Qd2 Qa4 30. Ne3 h6 31. Qc2 Qb4 32. g3 Qe1+ 33. Kg2
Bg5 34. Nf1 Bc1 35. Qb1 Qc3 36. Qb8+ Kh7 37. Qb3 Qxb3 38. axb3 g5 39. Kf3 Kg6
40. Ke4 g4 41. h4 gxh3 42. Nh2 h5 43. f4 Bd2 44. Kf3 Kf5 45. Ke2 Bc3 46. Kf3
Bd4 47. g4+ hxg4+ 48. Nxg4 Bg1 49. Nh6+ Kg6 50. Ng4 h2 51. Kg2 Kf5 52. Nh6+
Kxf4 53. Nxf7 a6 54. Kh1 Ke4 55. Kg2 Kd4 56. Kh1 Be3 57. Kxh2 Bf4+ 58. Kg2 Bxe5
59. Nd8 Kc3 60. Nxe6 Bd6 61. Kf2 Kxb3 62. Ke2 Kxc4 63. Kd2 Kb3 64. Kc1 a5 0-1

[Event "XXXVI C.to Italiano a squadre A1.4"]
[Site "Massafra ITA"]
[Date "2004.03.07"]
[Round "2"]
[White "Campanile, Roberto"]
[Black "Sarno, Spartaco"]
[Result "1/2-1/2"]
[WhiteElo "2183"]
[BlackElo "2395"]
[PlyCount "97"]
[EventDate "2004.03.06"]

1. d4 Nf6 2. c4 g6 3. Nc3 Bg7 4. e4 d6 5. Nf3 O-O 6. Be2 e5 7. O-O Nc6 8. d5
Ne7 9. Ne1 Ne8 10. Nd3 f5 11. f3 f4 12. g4 Bf6 13. Bd2 h5 14. h3 Bh4 15. Be1
Bxe1 16. Qxe1 g5 17. c5 Rf6 18. Kf2 Rh6 19. Rh1 Ng6 20. Qg1 Bd7 21. Ke1 Qe7 22.
Rc1 Qh7 23. Kd2 Kf7 24. a4 hxg4 25. hxg4 Rxh1 26. Qxh1 Qxh1 27. Rxh1 Nh4 28. b4
Ke7 29. b5 c6 30. Rb1 cxb5 31. axb5 dxc5 32. Nxe5 Nd6 33. Nxd7 Kxd7 34. e5 Nc4+
35. Bxc4 Nxf3+ 36. Kc2 Nxe5 37. Bd3 Rh8 38. Bf5+ Kd6 39. Rd1 Nc4 40. Kb3 Ne3
41. Re1 c4+ 42. Ka4 Rh2 43. Be6 Ke5 44. b6 axb6 45. Nb5 Ra2+ 46. Kb4 Rb2+ 47.
Ka4 Ra2+ 48. Kb4 Rb2+ 49. Ka4 1/2-1/2

[Event "XXXVI C.to Italiano a squadre A1.4"]
[Site "Massafra ITA"]
[Date "2004.03.07"]
[Round "2"]
[White "Efimov, Igor"]
[Black "Indelicati, Giuseppe"]
[Result "1-0"]
[WhiteElo "2505"]
[BlackElo "2195"]
[PlyCount "109"]
[EventDate "2004.03.06"]

1. d4 Nf6 2. c4 g6 3. Nc3 Bg7 4. e4 d6 5. Nf3 O-O 6. Be3 e5 7. dxe5 dxe5 8.
Qxd8 Rxd8 9. Nd5 Nxd5 10. cxd5 c6 11. Bc4 cxd5 12. Bxd5 Nd7 13. Rd1 Rf8 14. Bb3
h6 15. O-O b6 16. Rd6 Kh7 17. Rc6 f5 18. Rc7 fxe4 19. Nd2 Nf6 20. h3 Ba6 21.
Rfc1 Bd3 22. R1c6 Ne8 23. Rb7 Rf6 24. Bd5 Rd8 25. Nxe4 Bxe4 26. Bxe4 Nd6 27.
Rcc7 Nxb7 28. Rxb7 Kh8 29. Rxa7 Bf8 30. b4 Bxb4 31. Bxh6 Bf8 32. Bg5 Rd1+ 33.
Kh2 Rfd6 34. h4 b5 35. Bc2 R1d4 36. Kh3 Bg7 37. Ra8+ Kh7 38. h5 e4 39. Be3 Rc4
40. Bb3 gxh5 41. Bxc4 bxc4 42. Ra5 c3 43. Rxh5+ Kg6 44. Rc5 Ra6 45. Kg4 Rxa2
46. Rc6+ Kf7 47. Kf5 Ra5+ 48. Kxe4 Re5+ 49. Kd3 Rd5+ 50. Kc2 Rb5 51. g4 Rb2+
52. Kd3 Rb4 53. Rc7+ Kg6 54. f4 Rb3 55. f5+ 1-0

[Event "XXXVI C.to Italiano a squadre A1.4"]
[Site "Massafra ITA"]
[Date "2004.03.07"]
[Round "2"]
[White "Isonzo, David"]
[Black "Collutiis, Duilio"]
[Result "1/2-1/2"]
[WhiteElo "2336"]
[BlackElo "2426"]
[PlyCount "63"]
[EventDate "2004.03.06"]

1. e4 c5 2. Nf3 Nc6 3. d4 cxd4 4. Nxd4 Qc7 5. Nc3 e6 6. Be3 a6 7. Qd2 Nxd4 8.
Bxd4 b5 9. O-O-O Rb8 10. Kb1 Ne7 11. f3 Nc6 12. Be3 Be7 13. h4 Ne5 14. Bd4 b4
15. Na4 O-O 16. h5 d6 17. h6 g6 18. b3 Nc6 19. Bb2 Rd8 20. Qf4 Ne5 21. Bd4 f6
22. Qe3 Qc6 23. Be2 Nf7 24. f4 e5 25. fxe5 Nxe5 26. Nb6 Be6 27. Nd5 Bxd5 28.
exd5 Qc8 29. Rhf1 Re8 30. Qg3 Bd8 31. Bd3 Qb7 32. Bf5 1/2-1/2